Tài liệu luyện thi IELTS = IELTS practice test
Hướng dẫn thực hành các dạng thức bài thi theo mức thời gian chuẩn, xác định những lĩnh vực mà bạn cần phải đầu tư hơn nữa về mặt thời gian và công thức để nâng cao điểm số
में बचाया:
| मुख्य लेखक: | |
|---|---|
| स्वरूप: | पुस्तक |
| भाषा: | Undetermined |
| प्रकाशित: |
Thành phố Hồ Chí Minh
Tổng hợp Thành phố Hồ Chí Minh
2004
|
| विषय: | |
| टैग : |
टैग जोड़ें
कोई टैग नहीं, इस रिकॉर्ड को टैग करने वाले पहले व्यक्ति बनें!
|
| Thư viện lưu trữ: | Trung tâm Học liệu Trường Đại học Cần Thơ |
|---|
| LEADER | 00983nam a2200229Ia 4500 | ||
|---|---|---|---|
| 001 | CTU_93717 | ||
| 008 | 210402s9999 xx 000 0 und d | ||
| 020 | |c 12000 | ||
| 082 | |a 428.24 | ||
| 082 | |b G214 | ||
| 100 | |a Garbutt, Michael | ||
| 245 | 0 | |a Tài liệu luyện thi IELTS = | |
| 245 | 0 | |b IELTS practice test | |
| 245 | 0 | |c Michael Garbutt, Kery O'Sullivan; Lê Huy Lâm dịch | |
| 260 | |a Thành phố Hồ Chí Minh | ||
| 260 | |b Tổng hợp Thành phố Hồ Chí Minh | ||
| 260 | |c 2004 | ||
| 520 | |a Hướng dẫn thực hành các dạng thức bài thi theo mức thời gian chuẩn, xác định những lĩnh vực mà bạn cần phải đầu tư hơn nữa về mặt thời gian và công thức để nâng cao điểm số | ||
| 650 | |a English language | ||
| 650 | |x Examinations,Study Guides | ||
| 904 | |i Mai Loan | ||
| 980 | |a Trung tâm Học liệu Trường Đại học Cần Thơ | ||